000 nam a22 7a 4500
999 _c9137
_d9137
008 180123b ||||| |||| 00| 0 eng d
100 _aNCERT
_95407
245 _aFundamentals of physical geography - XI
260 _aNew Delhi
_bNCERT
_c2007